Регионална библиотека "Любен Каравелов" - Русе

Dictionnaire universel theorique et pratique du commerce et de la navigation (Запис номер 1186)

MARC детайли
000 -Лидер
Контролно поле с фиксирана дължина nam a22 a 4500
003 - Код на организацията, давaща контролен номер
Контролно поле BLK
005 - Дата и час на последна редакция
Контролно поле 20201020160204.0
008 - Елементи от данни с фиксирана дължина
fixed length control field 180412b bul|||||r ||||||| ||bul||
010 ## - Наследен системен номер
LC control number KNG00001987000
040 ## - Източник на каталожния запис
Идентификатор на билиотеката - собственик на записа BLK
041 ## - Код за език
Код за езика на текст/звукозапис или на отделно заглавие Френски
Код за езика КДБФ Френски
072 #7 - Код за тематичната категория
Код организация bullib
Код за тематична категория Ц
Текст Редки и ценни
080 ## - УДК
Текстов определител УДК Търговия. Международни икономически отношения. Световно стопанство
УДК код - определител по УДК 339
УДК определител (038.1)=40
УДК - код + определител 339(038.1)=40
080 ## - УДК
Текстов определител УДК Икономика. Икономически науки
УДК код - определител по УДК 33
УДК определител (038.1)=40
УДК - код + определител 33(038.1)=40
080 ## - УДК
Текстов определител УДК Различни категории думи
УДК код - определител по УДК 81`373.4
УДК определител =40:339
УДК - код + определител 81`373.4=40:339
139 ## - Редно поле
Редна дума Dictionnaire universel theorique et pratique du commerce et de la navigation
Авторски знак Di - D 53
245 10 - Сведения за заглавието
Заглавие Dictionnaire universel theorique et pratique du commerce et de la navigation
Подзаглавни данни T. 1 -
Том T. 1
Заглавие на том A - G
250 ## - Област на изданието
Сведения за изданието 3. Tir.
257 ## - Страна на издаване
Страна на създаване/издаване Франция
260 ## - Област на издателските данни
Място на издаване, разпространение и проч. Paris
Име на издателя, разпространителя и проч. Libr. Guillaumin
Година на издаване 1873 -
Печатница Paris : impr. Vieville et Capiomont
300 ## - Физическа характеристика
Размери/Мащаб 25 cm
380 ## - Жанр
Жанр Обществени науки
490 ## - СЕРИИ (Колекции)
9 (RLIN) 435080
Име на серия Колекция Редки и ценни издания
500 ## - Общи забележки
Забележка 1. Ed. 1859 - 1861.
650 #4 - Допълнително описание по предмет – тема
Основно описание – тема или топоним Търговия - терминология - речници
9 (RLIN) 243730
650 #4 - Допълнително описание по предмет – тема
Основно описание – тема или топоним Икономика - терминология - речници
9 (RLIN) 243426
650 #4 - Допълнително описание по предмет – тема
Основно описание – тема или топоним Френски език - речници
9 (RLIN) 243731
653 ## - Ключова дума – ненормативна
Ключова дума търговия
653 ## - Ключова дума – ненормативна
Ключова дума икономика
653 ## - Ключова дума – ненормативна
Ключова дума терминологични речници
653 ## - Ключова дума – ненормативна
Ключова дума френски език
659 ## - Тематичен бюлетин
Тематичен бюлетин Ц
760 1# - Описание на основната серия
Издание 3. Tir.
Място на издаване, издател и година 1873
Страници - том 1438 p.
Заглавие T. 1 A - G
852 ## - Местоположение
Форматна сигнатура Рф 873
Фондова буква Редки и ценни
856 4# - Електронен адрес и достъп
Електронен формат pdf - файл
Път до файла /url/
856 4# - Електронен адрес и достъп
Електронен формат pdf - файл
Път до файла /url/
999 ## - СИСТЕМНИ КОНТРОЛНИ НОМЕРА
Koha biblionumber 1186
Koha biblioitemnumber 1186
942 ## - АРТИКУЛИ
Вид на библиотечния материал Книги
Скрит в OPAC Не
Периодичен библиозапис Да
944 ## - СЪЗДАВАНЕ И РЕДАКЦИЯ на ЗАПИСА
Създаване/Редакция Създаване
Дата на регистрацията/редакция 11.01.2006
Статус, дата на статуса ф /
Служител, извършил регистрацията/редакцията Людмила_Стоянова
944 ## - СЪЗДАВАНЕ И РЕДАКЦИЯ на ЗАПИСА
Създаване/Редакция Редакция
Дата на регистрацията/редакция 20.11.2013
Статус, дата на статуса ф /
999 ## - СИСТЕМНИ КОНТРОЛНИ НОМЕРА
Koha biblioitemnumber 1186
Наличности
Код за отписване Код за изгубен артикул Източник на класификационната схема Код за повреда Коз за рестрикции Код за отдаване Артикулен № Име на библиотеката - собственик Име на библиотеката, в която се намира в момента Статус (Текущо местоположение) Дата на вписване в системата Местоположение - отдел Цена в лева Инвентарен номер Систематично азбучна сигнатура Баркод Номер на екземпляра Цена в евро Служебна бележка Служебен тип на артикула
  Не е изгубен Universal Decimal Classification Не е повреден само за читалня Специални фондове ( старопечатни, редки и ценни, фонд М. Арнаудов) 2385 Регионална библиотека "Любен Каравелов" Русе Регионална библиотека "Любен Каравелов" Русе Редки и ценни 1873-01-01 Редки и ценни 0.00 641383 Рф 873 120000641383 1 0.00 Дост: DA Вид: А N: стар фонд Дата: 01.01.1873 Дата инв: 14.12.2016 Бележки инв: Рц2016 Книги
Vip Innovations Ltd, Rousse, Bulgaria 2025